LEADER 00767nam0-2200277 --450 001 9910469057203321 005 20230622153642.0 020 $aIT$b88-9104 100 $a20210504d1988----kmuy0itay5050 ba 101 0 $aita 102 $aIT 105 $a 001yy 200 1 $aErasmo$fEugenio Garin 210 $aSan Domenico, Fiesole$cCultura della pace$d1988 215 $a167 p., 1 ritr.$cill.$d20 cm. 225 1 $a<>maestri$v3 610 0 $aErasmo : da Rotterdam$aConcezione della pace 676 $a172.42$v19 700 1$aGarin,$bEugenio$045598 801 0$aIT$bUNINA$gREICAT$2UNIMARC 901 $aBK 912 $a9910469057203321 952 $aDFT A91.17 ERAD/S 08$b2021/830$fFLFBC 959 $aFLFBC 996 $aErasmo$91352309 997 $aUNINA